ბათუმის შოთა რუსთაველის სახელმწიფო უნივერსიტეტის ბიბლიოთეკა

თესლბრუნვა საქართველოში. (ბიბ.ჩანაწერი № 44711)

000 -LEADER
fixed length control field 00790nam a2200217Ia 4500
001 - CONTROL NUMBER
control field 11516
003 - CONTROL NUMBER IDENTIFIER
control field GE_BSU
008 - FIXED-LENGTH DATA ELEMENTS--GENERAL INFORMATION
fixed length control field 181216s||||||||xx |||||||||||||| ||und||
040 ## - CATALOGING SOURCE
Transcribing agency GE_BSU
080 ## - UNIVERSAL DECIMAL CLASSIFICATION NUMBER
Universal Decimal Classification number 631.582(479.22)
100 ## - MAIN ENTRY--PERSONAL NAME
Personal name შ.ჭანიშვილი;შ.დევდარიანი; ზ.ჯულუხიძე;რ.მირიანაშვილი.
245 ## - TITLE STATEMENT
Title თესლბრუნვა საქართველოში.
245 ## - TITLE STATEMENT
Statement of responsibility, etc. რედ:მ.დარასელია.
260 ## - PUBLICATION, DISTRIBUTION, ETC.
Place of publication, distribution, etc. თბილისი.
260 ## - PUBLICATION, DISTRIBUTION, ETC.
Name of publisher, distributor, etc. მეცნიერება.
260 ## - PUBLICATION, DISTRIBUTION, ETC.
Date of publication, distribution, etc. 1985.
300 ## - PHYSICAL DESCRIPTION
Extent 141გვ;21სმ.
300 ## - PHYSICAL DESCRIPTION
Accompanying material ცხრილები.
653 ## - INDEX TERM--UNCONTROLLED
Uncontrolled term თესლბრუნვა საქართველოში.
942 ## - ADDED ENTRY ELEMENTS (KOHA)
Koha item type წიგნი
ეგზემპლარები
Withdrawn status Lost status Damaged status Not for loan Date acquired Barcode Date last seen Price effective from Koha item type
        2018-12-17 20167 2018-12-17 2018-12-17 წიგნი